000 00405nam a2200157Ia 4500
008 230711s9999||||xx |||||||||||||| ||und||
041 _aENG
082 _a692.5
_bVA-D
100 _aVenkatesh,N
245 0 _aDesign databook on concrete slabs
250 _a1st Ed.
260 _c1994
_aNew Delhi
_bTata McGraw Hill Education Limited
650 _aCivil Engineering
700 _aSancheete,H
942 _cBK
999 _c2325
_d2325